[Event "Titled Tue 17th Jun Early"]
[Site "chess.com INT"]
[Date "2025.06.17"]
[Round "2"]
[White "Sarkar, Justin"]
[Black "Kukelko, Alexey"]
[Result "1/2-1/2"]
[WhiteTitle "IM"]
[BlackTitle "FM"]
[WhiteElo "2284"]
[BlackElo "2291"]
[WhiteFideId "2010011"]
[BlackFideId "14153084"]
[EventDate "2025.06.17"]

1. d4 d5 2. c4 e6 3. Nc3 c6 4. e4 Bb4 5. Bd2 dxc4 6. Bxc4 Qxd4 7. Qe2 Nf6 8. Nf3
Qb6 9. O-O h6 10. a3 Be7 11. Bf4 Nbd7 12. Rad1 Nh5 13. Bd6 Bxd6 14. Rxd6 Nf4 15.
Qd2 Ng6 16. Rd1 Qc7 17. Nb5 cxb5 18. Bxb5 O-O 19. Bxd7 Bxd7 20. Rxd7 Qc6 21. Qe3
Rac8 22. h4 Rfe8 23. h5 Nf8 24. Rxf7 Qb5 25. Qf4 Qxb2 26. Ne5 Rcd8 27. Rxd8 Rxd8
28. Ng6 Nh7 29. Ne7+ Kh8 30. Ng6+ Kg8 31. Ne7+ Kh8 32. Ng6+ Kg8 1/2-1/2

[Event "Titled Tue 17th Jun Early"]
[Site "chess.com INT"]
[Date "2025.06.17"]
[Round "2"]
[White "Bodemar, Jonathan"]
[Black "Sobek, Jaroslav"]
[Result "1-0"]
[WhiteTitle "CM"]
[BlackTitle "FM"]
[WhiteElo "2150"]
[BlackElo "2195"]
[WhiteFideId "6205488"]
[BlackFideId "301388"]
[EventDate "2025.06.17"]

1. e4 c5 2. Nc3 a6 3. g3 b5 4. Bg2 Bb7 5. d3 e6 6. Nge2 d6 7. O-O Nf6 8. h3 Qc7
9. Be3 Be7 10. Qd2 Nbd7 11. f4 c4 12. g4 cxd3 13. cxd3 h6 14. Rac1 Qa5 15. e5
Bxg2 16. exf6 Bxf1 17. fxg7 Rg8 18. Rxf1 b4 19. Ne4 d5 20. N4g3 Rxg7 21. f5 Bg5
22. Nh5 Rg8 23. fxe6 fxe6 24. Bxg5 hxg5 25. Rc1 Qb6+ 26. Kg2 Ke7 27. Neg3 Raf8
28. Re1 Qd4 29. Nf5+ Rxf5 30. gxf5 e5 31. Ng3 Nf6 32. Ne2 1-0

[Event "Titled Tue 17th Jun Early"]
[Site "chess.com INT"]
[Date "2025.06.17"]
[Round "2"]
[White "Nugumanov, Bakhtiyar"]
[Black "Miserendino, Alfredo"]
[Result "1-0"]
[WhiteTitle "IM"]
[WhiteElo "2305"]
[BlackElo "2032"]
[WhiteFideId "13701797"]
[BlackFideId "101800"]
[EventDate "2025.06.17"]

1. e4 c5 2. Nc3 Nc6 3. Bb5 Nd4 4. Bc4 e6 5. Nge2 Nxe2 6. Qxe2 a6 7. a4 Ne7 8.
O-O Nc6 9. d3 Be7 10. f4 Nd4 11. Qf2 Bh4 12. g3 Be7 13. Be3 Qc7 14. e5 Nf5 15.
Bd2 d5 16. exd6 Nxd6 17. Rfe1 Bd7 18. Rad1 Bc6 19. Bb3 Nf5 20. Ne4 Nd4 21. Bc3
Rd8 22. a5 O-O 23. Bc4 Bd5 24. Bxd5 Rxd5 25. Rc1 h6 26. Nd2 Nb5 27. Nc4 Nxc3 28.
bxc3 Bf6 29. Qd2 Rfd8 30. Rb1 e5 31. f5 Re8 32. Qg2 Rd7 33. Rb3 Rde7 34. Qe4 Qc8
35. Nd6 Qd7 36. Nxe8 Qxe8 37. Reb1 Qc8 38. Rxb7 Rxb7 39. Rxb7 Qe8 40. Rb6 1-0

[Event "Titled Tue 17th Jun Early"]
[Site "chess.com INT"]
[Date "2025.06.17"]
[Round "2"]
[White "Cahaya, Satria Duta"]
[Black "Rosh, Jain"]
[Result "1-0"]
[WhiteTitle "FM"]
[BlackTitle "FM"]
[WhiteElo "2386"]
[BlackElo "2299"]
[WhiteFideId "7124252"]
[BlackFideId "25789465"]
[EventDate "2025.06.17"]

1. e4 d6 2. d4 Nf6 3. Nc3 e5 4. dxe5 dxe5 5. Qxd8+ Kxd8 6. Bc4 Ke8 7. f4 Bd6 8.
Nf3 Nbd7 9. O-O c6 10. fxe5 Nxe5 11. Nxe5 Bxe5 12. Bf4 Bd4+ 13. Kh1 Be6 14. Bxe6
fxe6 15. Ne2 Bb6 16. e5 Ne4 17. h3 g5 18. Bc1 h6 19. a4 a5 20. Ra3 Rd8 21. Rb3
Bc5 22. Rxb7 Rf8 23. Rxf8+ Kxf8 24. g4 Rd1+ 25. Kg2 Re1 26. Kf3 Nf2 27. Bd2 Rd1
28. Be3 Bxe3 29. Kxe3 Nxh3 30. Ra7 Rd5 31. Ke4 Nf2+ 32. Kf3 Nd1 33. Rb7 Rxe5 34.
Nd4 Re3+ 35. Kg2 Re4 36. Nxc6 Rxg4+ 37. Kf3 Rf4+ 38. Ke2 Nf2 39. Nxa5 Ne4 40.
Nc6 g4 41. a5 Nc5 42. a6 Nxa6 43. Ne5 g3 44. Ng6+ Ke8 45. Nxf4 Nc5 46. Rg7 Ne4
47. Kf3 Ng5+ 48. Rxg5 hxg5 49. Nxe6 g4+ 50. Kg2 Kd7 51. Nf4 Kd6 52. Kxg3 Ke5 53.
Kxg4 Kd4 54. Kf3 Kc4 55. Ke3 Kb4 56. Kd3 Kb5 57. c4+ Kc5 58. Kc3 Kc6 59. b4 Kb6
60. Nd3 Kc6 61. Kd4 Kb7 62. b5 Kc7 63. Kd5 Kb8 64. c5 Kc8 65. Kd6 Kb8 66. Kd7
Kb7 67. c6+ Ka7 68. c7 Kb6 69. c8=Q Ka7 70. Qa6+ Kb8 71. Qb6+ Ka8 72. Qc6+ Ka7
73. Nc5 Kb8 74. Qb7# 1-0

[Event "Titled Tue 17th Jun Early"]
[Site "chess.com INT"]
[Date "2025.06.17"]
[Round "2"]
[White "Filev, Georgi"]
[Black "Rom, Jasper"]
[Result "0-1"]
[WhiteTitle "FM"]
[WhiteElo "2189"]
[BlackElo "2163"]
[WhiteFideId "2907500"]
[BlackFideId "2023733"]
[EventDate "2025.06.17"]

1. e4 e6 2. d4 d5 3. e5 c5 4. c3 Nc6 5. Nf3 Bd7 6. Be2 Nge7 7. Na3 cxd4 8. cxd4
Nf5 9. Nc2 Qb6 10. O-O Na5 11. Bd3 Bb5 12. Re1 Bxd3 13. Qxd3 Rc8 14. Ne3 Nxe3
15. Bxe3 Be7 16. b3 O-O 17. h4 h6 18. Rac1 Ba3 19. Rxc8 Rxc8 20. Bd2 Bb4 21. Rc1
Nc6 22. Bxb4 Qxb4 23. Qc3 Qa3 24. Qd2 a5 25. Ne1 Qe7 26. g3 Ra8 27. Nc2 Qc7 28.
Na3 Qb6 29. Rc5 Qb4 30. Qxb4 axb4 31. Nb5 Rxa2 32. Nd6 Nxd4 33. Rc8+ Kh7 34.
Nxf7 Kg6 35. Nd8 Nf3+ 36. Kg2 Nxe5 37. Nxe6 Nd3 0-1

[Event "Titled Tue 17th Jun Early"]
[Site "chess.com INT"]
[Date "2025.06.17"]
[Round "2"]
[White "Fiskaaen, Martin Holten"]
[Black "Dragnev, Valentin"]
[Result "0-1"]
[WhiteTitle "FM"]
[BlackTitle "GM"]
[WhiteElo "2292"]
[BlackElo "2547"]
[WhiteFideId "1550233"]
[BlackFideId "1634852"]
[EventDate "2025.06.17"]

1. Nf3 d5 2. d4 e6 3. Bf4 Bd6 4. e3 Bxf4 5. exf4 Ne7 6. Bd3 b6 7. Qe2 c5 8. c3
a5 9. Bb5+ Bd7 10. Ne5 Bxb5 11. Qxb5+ Nd7 12. O-O Ng6 13. Nd2 Nxe5 14. fxe5 O-O
15. Nf3 Qc7 16. h4 a4 17. h5 h6 18. Rac1 a3 19. b3 Rfc8 20. dxc5 bxc5 21. Qe2
Rf8 22. b4 f6 23. exf6 Rxf6 24. bxc5 Raf8 25. c4 Rxf3 26. gxf3 Ne5 27. f4 Rxf4
28. f3 Qxc5+ 29. Kg2 d4 30. Rce1 Nxc4 31. Qxe6+ Kh8 32. Qg6 Ne3+ 33. Kh1 Rh4+
34. Kg1 Rxh5 35. Qe8+ Kh7 36. Qe4+ Kg8 37. Qe8+ Kh7 38. Qe4+ Rf5 39. Rf2 Qd6 40.
f4 Qg6+ 41. Kh1 Rh5+ 42. Rh2 Qxe4+ 0-1

[Event "Titled Tue 17th Jun Early"]
[Site "chess.com INT"]
[Date "2025.06.17"]
[Round "2"]
[White "Cramling Bellon, Anna"]
[Black "Zeliantsova, Kseniya"]
[Result "0-1"]
[WhiteTitle "WFM"]
[BlackTitle "WFM"]
[WhiteElo "2046"]
[BlackElo "2062"]
[WhiteFideId "32009232"]
[BlackFideId "13512617"]
[EventDate "2025.06.17"]

1. d4 Nf6 2. c4 g6 3. Nc3 Bg7 4. e4 d6 5. h3 O-O 6. Bg5 c5 7. d5 h6 8. Be3 e6 9.
Bd3 Na6 10. Nf3 Nc7 11. a4 e5 12. g4 Nfe8 13. Qd2 Kh7 14. Ne2 Na6 15. Ng3 Nb4
16. Be2 a6 17. h4 Bd7 18. h5 g5 19. Nf5 Bxf5 20. gxf5 Bf6 21. Nh2 Rb8 22. Ng4
Nc7 23. Rg1 Rg8 24. Qc3 Be7 25. O-O-O f6 26. f3 b5 27. cxb5 Na2+ 28. Kc2 Nxc3
29. bxc3 axb5 30. axb5 Nxb5 31. Rb1 Qa5 32. Bd2 Qa2+ 33. Rb2 Qa4+ 34. Kd3 Na3 0-1

[Event "Titled Tue 17th Jun Early"]
[Site "chess.com INT"]
[Date "2025.06.17"]
[Round "2"]
[White "Akkara, Omer"]
[Black "Harsha, Bharathakoti"]
[Result "0-1"]
[WhiteTitle "CM"]
[BlackTitle "GM"]
[WhiteElo "2036"]
[BlackElo "2527"]
[WhiteFideId "26319802"]
[BlackFideId "5078776"]
[EventDate "2025.06.17"]

1. e4 c5 2. Nf3 e6 3. b3 a6 4. c4 Nc6 5. Bb2 Nf6 6. e5 Ng4 7. h3 Nh6 8. Nc3 Be7
9. Bd3 O-O 10. O-O f6 11. exf6 Bxf6 12. Qc1 b6 13. Ne4 Bxb2 14. Qxb2 Rxf3 15.
gxf3 Nd4 16. Ng3 Nxf3+ 17. Kg2 Bb7 18. Be4 Bxe4 19. Nxe4 Qh4 20. Kxf3 Rf8+ 21.
Ke3 Qf4+ 22. Kd3 Qf3+ 23. Kc2 Qxe4+ 24. d3 Qh4 25. Qc3 Nf5 26. Qd2 Nd4+ 27. Kb2
Qxh3 28. Rad1 Rf3 29. Qg5 h6 30. Qg6 Qh4 31. Rd2 Qf4 32. Rfd1 Rxf2 33. Rxf2
Qxf2+ 0-1

[Event "Titled Tue 17th Jun Early"]
[Site "chess.com INT"]
[Date "2025.06.17"]
[Round "2"]
[White "Niemann, Hans Moke"]
[Black "Mostbauer, Maximilian"]
[Result "1/2-1/2"]
[WhiteTitle "GM"]
[BlackTitle "CM"]
[WhiteElo "2736"]
[BlackElo "2202"]
[WhiteFideId "2093596"]
[BlackFideId "1626680"]
[EventDate "2025.06.17"]

1. e4 e6 2. d4 d5 3. e5 c5 4. c3 Nd7 5. Nf3 Ne7 6. g3 Nc6 7. Bh3 a5 8. O-O a4 9.
Re1 Nb6 10. Na3 cxd4 11. cxd4 Bxa3 12. bxa3 Nc4 13. Bf1 b5 14. Rb1 Ba6 15. h4 h6
16. h5 Qe7 17. Qc2 Rc8 18. Qc3 O-O 19. Nh2 Qa7 20. Rd1 Ne7 21. Qf3 Nf5 22. Qf4
f6 23. exf6 Rxf6 24. Ng4 Rf7 25. Ne5 Rf6 26. Ng6 Nfe3 27. Bxe3 Rxf4 28. Bxf4
Nxa3 29. Rbc1 Nc4 30. Bh3 Qf7 31. Re1 Re8 32. a3 b4 33. axb4 a3 34. Rc3 Bb5 35.
Bg4 a2 36. Rc2 Qa7 37. Ra1 Qxd4 38. Raxa2 e5 39. Re2 exf4 40. Rxe8+ Bxe8 41.
Be6+ Kh7 42. Ra8 Nd6 43. Nf8+ Kh8 44. Ng6+ Kh7 45. Nf8+ Kh8 46. Ng6+ Kh7 1/2-1/2

[Event "Titled Tue 17th Jun Early"]
[Site "chess.com INT"]
[Date "2025.06.17"]
[Round "2"]
[White "Rothuis, Vincent"]
[Black "Shymanskyi, Oleksandr"]
[Result "1-0"]
[WhiteTitle "IM"]
[BlackTitle "FM"]
[WhiteElo "2346"]
[BlackElo "2218"]
[WhiteFideId "1011936"]
[BlackFideId "14168880"]
[EventDate "2025.06.17"]

1. e4 c6 2. f3 d5 3. d4 Qc7 4. c4 dxe4 5. Nc3 e5 6. Nxe4 Bb4+ 7. Bd2 Bxd2+ 8.
Qxd2 Ne7 9. d5 Nf5 10. d6 Qd8 11. c5 O-O 12. Bc4 b5 13. Bb3 Nd4 14. Ne2 Nxb3 15.
axb3 f5 16. Nf2 Be6 17. b4 Nd7 18. Ra6 Qc8 19. Ra5 Nf6 20. O-O Bc4 21. Re1 e4
22. Nd4 Re8 23. fxe4 fxe4 24. Nd1 Qd7 25. Ne3 Nd5 26. Nxd5 Bxd5 27. Ra3 Rf8 28.
Nxb5 Rf7 29. Nc7 Raf8 30. Nxd5 cxd5 31. Qxd5 Qb5 32. Rxa7 Qxb4 33. Rd1 1-0

[Event "Titled Tue 17th Jun Early"]
[Site "chess.com INT"]
[Date "2025.06.17"]
[Round "2"]
[White "Emeliantsev, Anatoliy"]
[Black "Zakirov, Musa"]
[Result "1-0"]
[WhiteTitle "FM"]
[BlackTitle "FM"]
[WhiteElo "2359"]
[BlackElo "2209"]
[WhiteFideId "4160681"]
[BlackFideId "44189222"]
[EventDate "2025.06.17"]

1. d4 d5 2. c4 dxc4 3. e3 Nf6 4. Bxc4 e6 5. Nc3 a6 6. Nf3 c5 7. O-O b5 8. Be2
Bb7 9. dxc5 Bxc5 10. Qxd8+ Kxd8 11. Nd2 Ke7 12. Nb3 Bb6 13. a4 b4 14. a5 Ba7 15.
Na4 Bd5 16. Nd4 Nbd7 17. Bd2 Rhb8 18. Nc2 b3 19. Nb4 Ne4 20. Nxd5+ exd5 21. Rfd1
Ndf6 22. Be1 Bc5 23. Nxc5 Nxc5 24. Rd4 Ne6 25. Rb4 Rxb4 26. Bxb4+ Kd7 27. Ra3
Rb8 28. Bc3 Ne4 29. Be5 Rc8 30. g3 f6 31. Bd4 N6c5 32. Bg4+ Ne6 33. Rxb3 Rc7 34.
Rb6 Ng5 35. h4 h5 36. hxg5 hxg4 37. gxf6 gxf6 38. Rxa6 Rc1+ 39. Kg2 Ng5 40. Rxf6
Nf3 41. Rxf3 gxf3+ 42. Kxf3 Ke6 43. a6 Ra1 44. a7 Kf5 45. b4 Ra6 46. b5 Ra4 47.
b6 Ra3 48. b7 Rxe3+ 49. Kxe3 Kg6 50. b8=Q Kh7 51. Qd6 Kg8 52. a8=Q+ Kf7 53.
Qaf8# 1-0

[Event "Titled Tue 17th Jun Early"]
[Site "chess.com INT"]
[Date "2025.06.17"]
[Round "2"]
[White "Alonso Rosell, Alvar"]
[Black "Ternault, Mathieu"]
[Result "1-0"]
[WhiteTitle "GM"]
[BlackTitle "FM"]
[WhiteElo "2536"]
[BlackElo "2275"]
[WhiteFideId "2270544"]
[BlackFideId "20641532"]
[EventDate "2025.06.17"]

1. d4 e6 2. c4 Bb4+ 3. Bd2 c5 4. Bxb4 cxb4 5. g3 Nf6 6. Bg2 O-O 7. e3 d6 8. Ne2
e5 9. O-O a5 10. Nd2 Nc6 11. h3 Qe7 12. a3 bxa3 13. bxa3 Bf5 14. e4 Bd7 15. d5
Nb8 16. c5 dxc5 17. a4 Ne8 18. Nc4 Nd6 19. Nb6 Ra6 20. Rb1 Qd8 21. Qb3 Nc8 22.
Nc4 Rh6 23. Qxb7 Na6 24. Nxe5 Bxa4 25. Ng4 Rb6 26. Rxb6 Qxb6 27. Qxb6 Nxb6 28.
Nc3 Bc2 29. Ne3 Bd3 30. Ra1 a4 31. Nxa4 Nxa4 32. Rxa4 Nb4 33. e5 Rb8 34. d6 c4
35. d7 Nc2 36. Ra8 1-0

[Event "Titled Tue 17th Jun Early"]
[Site "chess.com INT"]
[Date "2025.06.17"]
[Round "2"]
[White "Sitnic, Adnan"]
[Black "Nurgaliyev, Sauat"]
[Result "0-1"]
[WhiteTitle "CM"]
[BlackTitle "IM"]
[WhiteElo "2058"]
[BlackElo "2404"]
[WhiteFideId "14403854"]
[BlackFideId "13726285"]
[EventDate "2025.06.17"]

1. e4 c5 2. f4 g6 3. Nf3 Bg7 4. a4 Nc6 5. Bb5 Nf6 6. Bxc6 dxc6 7. d3 O-O 8. O-O
Bg4 9. Nbd2 Nd7 10. h3 Bxf3 11. Nxf3 a5 12. Qe1 e6 13. Rb1 b5 14. b3 Rb8 15. Bd2
Ra8 16. Ng5 h6 17. Nf3 c4 18. bxc4 bxc4 19. d4 Re8 20. e5 c5 21. c3 Nb6 22. Ra1
cxd4 23. cxd4 Nd5 24. Rc1 Qc7 25. Qe4 Rec8 26. Rfd1 Qc6 27. Qc2 c3 28. Be1 Ne3
29. Qd3 Nxd1 30. Qxd1 c2 31. Qd3 Qxa4 32. d5 exd5 33. Qxd5 Qc4 34. Qd2 a4 35.
Nd4 Qd5 36. Rxc2 Rxc2 37. Nxc2 Qxd2 38. Bxd2 f6 39. Bc3 Rc8 40. exf6 Rxc3 41.
Nb4 Bxf6 42. Nd5 Bd4+ 43. Kh2 Rc5 44. Nb4 a3 45. Kg3 Bc3 46. Na2 Ba5 47. Kh4 Rc2
48. f5 g5+ 49. Kh5 Rxa2 50. g4 Rh2 51. Kg6 a2 52. f6 a1=Q 53. f7+ Kf8 54. Kh5
Rxh3+ 55. Kg6 Qg7+ 56. Kf5 Rf3+ 57. Ke4 Rf4+ 58. Ke3 Qd4+ 59. Ke2 Rf2# 0-1

[Event "Titled Tue 17th Jun Early"]
[Site "chess.com INT"]
[Date "2025.06.17"]
[Round "2"]
[White "Domin, Yan"]
[Black "Mikhalsky, Vladimir"]
[Result "1-0"]
[WhiteTitle "FM"]
[WhiteElo "2222"]
[BlackElo "2219"]
[WhiteFideId "34169342"]
[BlackFideId "14144352"]
[EventDate "2025.06.17"]

1. e4 g6 2. d4 Bg7 3. Nc3 d6 4. Be3 a6 5. Qd2 b5 6. f3 Nd7 7. Nh3 Nb6 8. Nf2 b4
9. Ncd1 a5 10. a3 bxa3 11. Rxa3 a4 12. Nc3 h5 13. h4 Nf6 14. Bb5+ Bd7 15. Qd3 c6
16. Bxa4 Nxa4 17. Rxa4 Rxa4 18. Nxa4 c5 19. Nc3 cxd4 20. Bxd4 O-O 21. O-O Bc6
22. Rd1 Qb8 23. Rb1 Rd8 24. b4 e5 25. b5 Ba8 26. Be3 d5 27. exd5 Nxd5 28. Nxd5
Rxd5 29. Qc4 Rd7 30. b6 Bd5 31. Qb5 Qc8 32. c4 Bc6 33. Qa5 f5 34. c5 e4 35. fxe4
fxe4 36. Qa2+ Kh7 37. Nh3 Re7 38. Ng5+ Kh6 39. Qe2 Qg4 40. Qxg4 hxg4 41. Ne6+
Kh7 42. Nd8 Bd5 43. b7 Bxb7 44. Nxb7 Be5 45. Nd6 Rd7 46. Nxe4 Bd4 47. Bxd4 Rxd4
48. Ng5+ Kh6 49. Rc1 Kh5 50. c6 Rd8 51. c7 Rc8 52. Nf7 Kxh4 53. Nd6 1-0

[Event "Titled Tue 17th Jun Early"]
[Site "chess.com INT"]
[Date "2025.06.17"]
[Round "2"]
[White "Winkels, Marcel"]
[Black "Caprio, Guido"]
[Result "0-1"]
[WhiteTitle "CM"]
[BlackTitle "IM"]
[WhiteElo "1905"]
[BlackElo "2435"]
[WhiteFideId "1003887"]
[BlackFideId "834580"]
[EventDate "2025.06.17"]

1. e4 d6 2. Nf3 c5 3. d4 cxd4 4. Nxd4 Nf6 5. Nc3 a6 6. f4 e5 7. Nf3 Qc7 8. a4
Be7 9. Bd3 O-O 10. O-O Nbd7 11. Kh1 b6 12. Qe1 Bb7 13. fxe5 Nxe5 14. Nxe5 dxe5
15. Qg3 Kh8 16. Bg5 Nh5 17. Qh4 Bxg5 18. Qxg5 Nf4 19. Rad1 Rad8 20. Rf3 f6 21.
Qh4 Rd4 22. g3 Nxd3 23. cxd3 Rfd8 24. g4 h6 25. Ne2 Rxe4 26. Kg1 Rxe2 27. Rxf6
Kg8 28. Rg6 Qc4 29. Qxh6 Qd4+ 0-1

[Event "Titled Tue 17th Jun Early"]
[Site "chess.com INT"]
[Date "2025.06.17"]
[Round "2"]
[White "Terry, Renato"]
[Black "Dominguez Exposito, Ibon"]
[Result "1-0"]
[WhiteTitle "IM"]
[BlackTitle "CM"]
[WhiteElo "2508"]
[BlackElo "2201"]
[WhiteFideId "3803457"]
[BlackFideId "54589452"]
[EventDate "2025.06.17"]

1. e4 e6 2. d4 d5 3. exd5 exd5 4. Nf3 Nf6 5. Bd3 c5 6. dxc5 Bxc5 7. Qe2+ Be6 8.
Be3 Nbd7 9. O-O O-O 10. Nbd2 Bd6 11. Rfe1 Re8 12. Qd1 a6 13. c3 Nc5 14. Bc2 Bg4
15. h3 Bh5 16. Bg5 h6 17. Rxe8+ Qxe8 18. Bxf6 gxf6 19. Qe1 Bg6 20. Bxg6 fxg6 21.
Qd1 Rd8 22. Nb3 Bf8 23. Nbd4 Ne4 24. Qb3 b5 25. Rd1 Kh7 26. Ne2 Qc6 27. Nf4 Bc5
28. Nd4 Qb6 29. Nxd5 Qa7 30. Qc2 f5 31. Nf4 Bxd4 32. cxd4 Rxd4 33. Rxd4 Qxd4 34.
Ne6 Qd6 35. Nc7 h5 36. g3 h4 37. gxh4 Qf4 38. Ne6 Qe5 39. Qc7+ Qxc7 40. Nxc7 Nd2
41. Nxa6 Nc4 42. b3 Na3 43. Nc5 Nc2 44. a4 bxa4 45. bxa4 Nb4 1-0

[Event "Titled Tue 17th Jun Early"]
[Site "chess.com INT"]
[Date "2025.06.17"]
[Round "2"]
[White "Mariano, Fabian Glen"]
[Black "Goh, Zi Han"]
[Result "1-0"]
[WhiteTitle "FM"]
[BlackTitle "FM"]
[WhiteElo "2401"]
[BlackElo "2275"]
[WhiteFideId "7129041"]
[BlackFideId "5819156"]
[EventDate "2025.06.17"]

1. e4 c5 2. Nf3 d6 3. d4 cxd4 4. Nxd4 Nf6 5. Nc3 a6 6. f3 e5 7. Nb3 Be6 8. Be3
h5 9. Qd2 Nbd7 10. O-O-O b5 11. Bd3 Be7 12. Kb1 Qc7 13. h3 h4 14. f4 exf4 15.
Bxf4 Ne5 16. Rhe1 O-O 17. Nd5 Bxd5 18. exd5 Nxd5 19. Bxe5 dxe5 20. Be4 Nb6 21.
Bxa8 Rxa8 22. Qe2 Bf6 23. Qe4 a5 24. Nc1 a4 25. Nd3 a3 26. b3 Rc8 27. Re2 Nd5
28. Qxd5 e4 29. Qc5 Qb7 30. Qxa3 exd3 31. Rxd3 b4 32. Qa5 Bc3 33. Qd5 Qc7 34.
Re4 Qh2 35. Rd1 Qc7 36. Rxh4 Qa7 37. Qd8+ Rxd8 38. Rxd8# 1-0

[Event "Titled Tue 17th Jun Early"]
[Site "chess.com INT"]
[Date "2025.06.17"]
[Round "2"]
[White "Kshatriya, Nitin Vekhande"]
[Black "Nakara Husain"]
[Result "1-0"]
[WhiteTitle "FM"]
[WhiteElo "2255"]
[BlackElo "1713"]
[WhiteFideId "45075530"]
[BlackFideId "25636111"]
[EventDate "2025.06.17"]

1. e4 e5 2. Nf3 Nc6 3. Bc4 Bc5 4. Nc3 Nf6 5. d3 d6 6. Bg5 h6 7. Bxf6 Qxf6 8. Nd5
Qd8 9. c3 Be6 10. d4 Bb6 11. Nxb6 axb6 12. d5 Na5 13. Bd3 Bd7 14. b4 f5 15. bxa5
Rxa5 16. Nd2 Qg5 17. O-O Rc5 18. c4 Ra5 19. exf5 Ra3 20. Ne4 Qe7 21. Qh5+ Kd8
22. Rfd1 Rf8 23. Ng3 Ba4 24. Rd2 Qf6 25. Be4 Be8 26. Qe2 Qg5 27. Rd3 Ra4 28. Rc3
h5 29. h3 h4 30. Nf1 Bh5 31. Qe3 Qf6 32. Nd2 g6 33. fxg6 Ra8 34. Nf3 Kd7 35. Ng5
Bxg6 36. Ne6 Rg8 37. Bxg6 Rxg6 38. Qf3 Qe7 39. Qf5 Rf6 40. Ng5+ Kd8 41. Qg4 c6
42. Ne4 Kc7 43. Nxf6 Qxf6 44. Rf3 Qh8 45. Qe6 e4 46. Rf7+ 1-0

[Event "Titled Tue 17th Jun Early"]
[Site "chess.com INT"]
[Date "2025.06.17"]
[Round "2"]
[White "Sevig, Mert Can"]
[Black "Aarav Sinha"]
[Result "0-1"]
[WhiteTitle "CM"]
[BlackTitle "FM"]
[WhiteElo "2025"]
[BlackElo "2255"]
[WhiteFideId "44546335"]
[BlackFideId "25674064"]
[EventDate "2025.06.17"]

1. Nf3 d6 2. g3 e5 3. d3 Nf6 4. Bg2 Be7 5. O-O O-O 6. e4 Nc6 7. Nc3 h6 8. Nh4
Nd4 9. Ne2 Ne8 10. Nxd4 Bxh4 11. Ne2 Be7 12. f4 exf4 13. Bxf4 c6 14. Qd2 f5 15.
exf5 Bxf5 16. Nd4 Bd7 17. Rae1 Bf6 18. Ne6 Bxe6 19. Rxe6 d5 20. d4 Nc7 21. Re2
Nb5 22. c3 Nd6 23. Rfe1 Qd7 24. Re6 Nf7 25. Qc2 Ng5 26. R6e2 Rfe8 27. Qg6 Rxe2
28. Rxe2 Nh3+ 29. Bxh3 Qxh3 30. Re8+ Rxe8 31. Qxe8+ Kh7 32. Qe2 Qf5 33. Kg2 a5
34. Bc1 a4 35. Qd1 Qb1 36. Qd2 Bg5 0-1

[Event "Titled Tue 17th Jun Early"]
[Site "chess.com INT"]
[Date "2025.06.17"]
[Round "2"]
[White "Deac, Bogdan-Daniel"]
[Black "Ahn, Hongjin"]
[Result "1-0"]
[WhiteTitle "GM"]
[BlackTitle "IM"]
[WhiteElo "2674"]
[BlackElo "2304"]
[WhiteFideId "1226380"]
[BlackFideId "13201492"]
[EventDate "2025.06.17"]

1. d4 d6 2. Nf3 Nf6 3. c4 g6 4. Nc3 Bf5 5. Qb3 b6 6. g3 Bg7 7. Bg2 c6 8. O-O O-O
9. Ne1 e5 10. d5 cxd5 11. Nxd5 Nxd5 12. Bxd5 Nd7 13. Qa3 Nc5 14. Be3 h5 15. Nf3
Be4 16. Bxc5 Bxd5 17. Bxd6 Bxf3 18. exf3 Re8 19. Rad1 Qc8 20. Qd3 Qh3 21. Qe4
Rad8 22. Bb4 Kh7 23. Bc3 Rc8 24. b3 b5 25. Rd5 bxc4 26. bxc4 Qe6 27. Rfd1 f5 28.
Qe2 Qc6 29. c5 e4 30. Bxg7 Kxg7 31. Rd7+ Kh6 32. Qe3+ 1-0

[Event "Titled Tue 17th Jun Early"]
[Site "chess.com INT"]
[Date "2025.06.17"]
[Round "2"]
[White "Kovalenko, Igor"]
[Black "Zhukovskyi, Oleksandr"]
[Result "1-0"]
[WhiteTitle "GM"]
[BlackTitle "CM"]
[WhiteElo "2676"]
[BlackElo "2145"]
[WhiteFideId "14117908"]
[BlackFideId "14169371"]
[EventDate "2025.06.17"]

1. d4 Nf6 2. Nf3 g6 3. g3 Bg7 4. Bg2 O-O 5. O-O d5 6. a4 a5 7. Bf4 Ne4 8. c3 c6
9. Nbd2 Nxd2 10. Qxd2 Bf5 11. Nh4 Be6 12. Rfe1 Nd7 13. Bh6 Nf6 14. Bxg7 Kxg7 15.
h3 Ne4 16. Qe3 Nd6 17. b3 Qd7 18. g4 f5 19. Qe5+ Kg8 20. f3 Nf7 21. Qg3 Qd6 22.
Qxd6 Nxd6 23. g5 Nf7 24. f4 Nd6 25. Nf3 Ne4 26. Rec1 Rfc8 27. Ra2 Ra6 28. e3 Rb6
29. Rb2 c5 30. Rcc2 c4 31. bxc4 Rxb2 32. Rxb2 Rxc4 33. Ne5 Rxc3 34. Bxe4 fxe4
35. Kf2 Bxh3 36. Rxb7 Rc2+ 37. Kg3 Bf1 38. Ng4 Rg2+ 39. Kh4 Rg1 40. Nh6+ Kf8 41.
Rb8+ Kg7 42. Rg8# 1-0

[Event "Titled Tue 17th Jun Early"]
[Site "chess.com INT"]
[Date "2025.06.17"]
[Round "2"]
[White "Zepeda Berlanga, Jan Enrique"]
[Black "Abraham, John Z"]
[Result "1-0"]
[WhiteTitle "CM"]
[WhiteElo "1984"]
[BlackElo "2108"]
[WhiteFideId "5132355"]
[BlackFideId "30987318"]
[EventDate "2025.06.17"]

1. e4 c5 2. Nf3 e6 3. d4 cxd4 4. Nxd4 Nc6 5. Nc3 Qc7 6. Nxc6 bxc6 7. Bd3 Nf6 8.
O-O Be7 9. Re1 d5 10. b3 Bd6 11. h3 Bb4 12. Bd2 dxe4 13. Nxe4 Be7 14. Bc3 Nxe4
15. Bxe4 f5 16. Qh5+ Kf8 17. Qf3 Bd7 18. g4 Ke8 19. gxf5 Rf8 20. Qh5+ g6 21.
fxg6 hxg6 22. Bxg6+ Kd8 23. Rad1 Kc8 24. Bd3 Rg8+ 25. Kh1 Qf4 26. Ba6+ Kc7 27.
Be5+ Qxe5 28. Qxe5+ Kd8 29. Qxe6 Bd6 30. Rxd6 1-0

[Event "Titled Tue 17th Jun Early"]
[Site "chess.com INT"]
[Date "2025.06.17"]
[Round "2"]
[White "Thipsay, Bagyashree Sathe"]
[Black "Buscar, Michael"]
[Result "0-1"]
[WhiteTitle "WIM"]
[WhiteElo "2075"]
[BlackElo "2016"]
[WhiteFideId "5001013"]
[BlackFideId "2603616"]
[EventDate "2025.06.17"]

1. e4 c5 2. Nf3 Nc6 3. d4 cxd4 4. Nxd4 Nf6 5. Nc3 e5 6. Ndb5 h6 7. Bc4 d6 8. Nd5
Nxd5 9. Bxd5 Be6 10. O-O Qd7 11. Be3 Bxd5 12. exd5 Nb4 13. c4 Be7 14. a3 Na6 15.
Bxa7 Nc7 16. Nxc7+ Qxc7 17. Be3 Qxc4 18. Rc1 Qb5 19. Qg4 Bg5 20. Bxg5 hxg5 21.
Rc8+ Ke7 22. Rc7+ Kf8 23. Rc8+ Rxc8 24. Qxc8+ Qe8 25. Qxb7 g6 26. b4 Kg7 27. Qc6
Qe7 28. b5 g4 29. g3 Qg5 30. Qxd6 Qh5 31. h4 gxh3 32. Kh2 Re8 33. b6 Qf3 0-1